书目信息 |
| 题名: |
天然地基上的浅基础
|
|
| 作者: | 高大钊 编著 | |
| 分册: | ||
| 出版信息: | 北京 机械工业出版社 1999.09 |
|
| 页数: | 192页 | |
| 开本: | 16开 | |
| 丛书名: | ||
| 单 册: | ||
| 中图分类: | TU471.1 | |
| 科图分类: | ||
| 主题词: | 地基--基础(工程) | |
| 电子资源: | ||
| ISBN: | 7-111-07500-5 | |
| 000 | 00576nam0 2200193 45 | |
| 001 | 0005310829 | |
| 005 | 20000621153056.3 | |
| 010 | @a7-111-07500-5@d22.00元 | |
| 100 | @a20000531d1999 km y0chiy0120 ea | |
| 101 | @achi | |
| 105 | @a z 000yy | |
| 200 | 1 | @a天然地基上的浅基础@ATian Ran Di Ji Shang De Qian Ji Chu@f高大钊等编著@FGao Da Zhao Deng Bian Zhu |
| 210 | @a北京@c机械工业出版社@d1999.09 | |
| 215 | @a192页@d16开 | |
| 606 | 0 | @a地基@x基础(工程) |
| 690 | @aTU471.1@v3 | |
| 701 | @a高大钊@4编著 | |
| 801 | @aCN@bPftUser@c20000531 | |
| 905 | @dTU471.1@eG962@b58889@f1 | |
| 天然地基上的浅基础/高大钊等编著.-北京:机械工业出版社,1999.09 |
| 192页;16开 |
| ISBN 7-111-07500-5:22.00元 |
| ● |
| 相关链接 |
|
|
|
正题名:天然地基上的浅基础
索取号:TU471.1/G962
 
预约/预借
| 序号 | 登录号 | 条形码 | 馆藏地/架位号 | 状态 | 备注 |
| 1 | 58889 | 200588890 | 自科二线404/404自科库 28排6列1层/ [索取号:TU471.1/G962] | 在馆 | |
| 2 | 63571 | 200635713 | 自科二线404/404自科库 26排2列1层/ [索取号:TU471.1/G962] | 在馆 | |
| 3 | 63572 | 200635722 | 自科二线404/404自科库 26排2列1层/ [索取号:TU471.1/G962] | 在馆 | |
| 4 | 63574 | 200635740 | 自科二线404/404自科库 26排2列1层/ [索取号:TU471.1/G962] | 在馆 | |
| 5 | 63575 | 200635759 | 自科二线404/404自科库 26排2列1层/ [索取号:TU471.1/G962] | 在馆 |